| 000 | 01486nam a22002417a 4500 | ||
|---|---|---|---|
| 008 | 230704e20230703xxk|||||o|||| 00| 0 eng d | ||
| 041 | _aeng | ||
| 110 | _aRoyal Institution of Chartered Surveyors | ||
| 245 |
_aCommercial secured lending ESG and sustainability framework _h[Electronic resource] |
||
| 260 |
_aLondon, _bRoyal Institution of Chartered Surveyors, _c3 July 2023 |
||
| 300 | _a5p. | ||
| 520 | _aA joint forum of commercial lenders and valuers has developed a draft framework for consistent instructions and reporting relating to key issues of ESG in UK commercial secured lending. This framework is a list of key considerations to help valuers and lenders consistently fulfil their ESG obligations for UK commercial real estate secured lending. The framework is not an RICS standard or practice information and is provided for information only. Its use is not mandated by RICS. The framework compliments Red Book Global Standards, the Red Book UK Supplement and Sustainability and ESG in commercial property valuation and strategic advice, and does not replace any part of them. | ||
| 650 | _aESG | ||
| 650 | _aFUNDING | ||
| 650 | _aPROPERTY FINANCE | ||
| 650 | _aPROPERTY INVESTMENT | ||
| 651 | _aUnited Kingdom | ||
| 690 |
_96273 _aValuation |
||
| 710 | _aRoyal Institution of Chartered Surveyors | ||
| 710 | _aCommercial Panel Managers Forum | ||
| 856 |
_uhttps://www.rics.org/news-insights/esg-framework _zAvailable free on RICS.org |
||
| 942 | _n0 | ||
| 999 |
_c121596 _d121596 |
||